| 000 | 00733nam a22002295a 4500 | ||
|---|---|---|---|
| 999 |
_c9153 _d9153 |
||
| 001 | 83733 | ||
| 003 | K 3585 SUN 2001 | ||
| 005 | 20210607104918.0 | ||
| 008 | 950628s1994 enk 000 0 eng | ||
| 010 | _a 95171368 | ||
| 020 |
_a1859411096 : _c$30.77 |
||
| 040 |
_aDLC _cDLC |
||
| 100 | 1 | _aBusuttil, James J. | |
| 245 | 1 | 0 |
_aSourcebook on environmental law / _cJames J. Busuttil and Geoff Gilbert ; edited by Maurice Sunkin. |
| 260 |
_aLondon : _bCavendish Publishing Ltd., _c1994. |
||
| 300 | _a650 p. | ||
| 500 | _aIncludes bibliographical references and index | ||
| 600 | _2Environmental law | ||
| 906 |
_a0 _bibc _corignew _d3 _encip _f19 _gy-gencatlg |
||
| 942 |
_2lcc _cBK _e2nd _h3585 _iSUN _kk |
||